000 00476nam a2200169 i 4500
001 69945
003 ES-MaACL
005 20250904063051.0
007 t|
008 040713s1972 sp |||| | spa d
100 1 _aGarcía Márquez, Gabriel,
_d1927-2014
_9242191
245 1 0 _aCien años de soledad /
_cGabriel García Márquez.
260 _a[Barcelona :
_bEdhasa,
_c1972]
300 _a351 p. ;
_c20 cm.
852 _aES-MaACL
_jC-43591
999 _c69945
_d69945